000 00292nam a22001337a 4500
008 231013b ||||| |||| 00| 0 eng d
041 _aeng
080 _a94
082 _a94AND
100 _a28
101 _aHISTORY
245 _aA HISTORY OF THEIR OWN
_cANDERSON .S .B
942 _2udc
_cBK
999 _c60451
_d60451